000 00477nam a22001937a 4500
003 MPLRDC
005 20220104151246.0
008 210129b ||||| |||| 00| 0 eng d
020 _a957-522-453-1
082 _a848.2 LYT-18
100 _a龙应台著
245 _a银色仙人掌
_c
250 _a初版
260 _a
_b联合文学出版社有限公司
_c2003
300 _b
490 _a联合文丛; 290
650 _a现代别集
942 _cBK
_o848.2 LYT-18
999 _c52285
_d52275